Cities in Megaregions in the U.S. on a Map - Statistics

General Stats
  • This quiz has been taken 5,809 times
    5,777 since last reset
  • The average score is 49 of 58
Answers on the Map
Answers color-coded by a green-red scale on the quiz's map according to % correct below.
 
Answer Stats
Population City % Correct
3,979,576 Los Angeles
99%
8,336,817 New York City
99%
692,600 Boston
98%
2,693,976 Chicago
98%
1,343,573 Dallas
98%
2,320,268 Houston
98%
467,963 Miami
98%
881,549 San Francisco
98%
753,675 Seattle
98%
1,680,992 Phoenix
97%
670,031 Detroit
96%
1,584,064 Philadelphia
96%
1,423,851 San Diego
96%
705,749 Washington, D.C.
96%
506,811 Atlanta
95%
734,134 Denver
95%
390,144 New Orleans
95%
654,741 Portland
95%
978,908 Austin
94%
876,384 Indianapolis
93%
429,606 Minneapolis
93%
399,700 Tampa
93%
593,490 Baltimore
92%
694,144 Nashville
92%
381,009 Cleveland
91%
911,507 Jacksonville
91%
495,327 Kansas City, Missouri
91%
513,624 Sacramento
91%
1,547,253 San Antonio
91%
651,073 Memphis
89%
590,157 Milwaukee
89%
655,057 Oklahoma City
89%
300,286 Pittsburgh
89%
560,513 Albuquerque
88%
303,940 Cincinnati
88%
898,553 Columbus, Ohio
88%
1,021,795 San Jose
88%
300,576 St. Louis
88%
885,708 Charlotte
87%
909,585 Fort Worth
85%
474,069 Raleigh
84%
308,096 Saint Paul
84%
548,073 Tucson
82%
766,757 Louisville
80%
433,031 Oakland
80%
478,221 Colorado Springs
78%
449,974 Virginia Beach
77%
401,190 Tulsa
74%
326,586 Corpus Christi
66%
462,628 Long Beach
61%
350,365 Anaheim
60%
384,145 Bakersfield
60%
518,012 Mesa
60%
331,360 Riverside
56%
379,289 Aurora
52%
398,854 Arlington
49%
312,697 Stockton
45%
332,318 Santa Ana
41%
No matching quizzes found
Score Distribution
Percent of People with Each Score
Percentile by Number Answered
Your Score History
You have not taken this quiz since the last reset